00937nam a2200217 a 450000100060000000300080000600500170001400800410003103500190007204000360009104100130012708200260014010000600016624501850022626000340041130000350044541000910048050000180057165100390058985600910062859547BD-RjUL20211209080738.0161226s1949 enkb b 001 0 eng  a(BD-RjUL)59671 aDLCcOCanMdOCoLCdBD-RjULbeng1 aenghrus a330.947223bLYH 19491 aLi︠a︡shchenko, P. I.q(Petr Ivanovich),d1875-1955.10aHistory of the national economy of Russia, to the 1917 revolution /ctranslated by L.M. Herman. Introd. by Calvin B. Hoover; maps redrawn under the supervision of Leonard H. Dykes. aNew York :bMacmillan,c1949. axiii, 880 p. :bill, ;c25 cm. a Russian translation project series of the American Council of Learned Societies, 4.  aInclude index 0aSoviet UnionxEconomic conditions. 3 Russian translation project series of the American Council of Learned Societies, 4.